| 000 -LEADER |
| fixed length control field |
01743pab a2200181 454500 |
| 008 - FIXED-LENGTH DATA ELEMENTS--GENERAL INFORMATION |
| fixed length control field |
180718b2000 xxu||||| |||| 00| 0 eng d |
| 100 ## - MAIN ENTRY--PERSONAL NAME |
| Personal name |
Arellano-Gault, David |
| 245 ## - TITLE STATEMENT |
| Title |
Challenges for the new public management: organizational culture and the administrative modernization program in Mexico city (1995-1997) |
| 260 ## - PUBLICATION, DISTRIBUTION, ETC. |
| Date of publication, distribution, etc. |
2000 |
| 300 ## - PHYSICAL DESCRIPTION |
| Extent |
p.400-13 |
| 362 ## - DATES OF PUBLICATION AND/OR SEQUENTIAL DESIGNATION |
| Dates of publication and/or sequential designation |
Dec |
| 520 ## - SUMMARY, ETC. |
| Summary, etc. |
In developed countries, new public management (NPM) is typically used to improve existing institutions democratically where the bureaucracy is already controlled through agencies and institutions. However, in Mexico, it is being used as a top-down reform strategy where solid institutional framework, rule of law, checks and balances, civil service system, and accountability systems are all absent or ineffective. In the absence of robust institutions for administrative control and oversight, this use of NPM reform strategies faces two basic dangers: (a) overrelying on techniques over substantive reform and (b) underestimating the difficulty of changing the existing bureaucratic culture. Given the current political and institutional situation in Mexico, the most probable outcome of implementing NPM ideas is symbolic rather than actual change. That is, government is most likely to implement reengineering teams but to render them ineffective by retaining the existing vertical and authoritarian structure and culture. A case study evaluating Mexico City's NPM-based administrative reform program is used to support these conclusions. - Reproduced |
| 650 ## - SUBJECT ADDED ENTRY--TOPICAL TERM |
| Topical term or geographic name entry element |
Work culture - Mexico |
| 650 ## - SUBJECT ADDED ENTRY--TOPICAL TERM |
| Topical term or geographic name entry element |
Administrative reform - Mexico |
| 650 ## - SUBJECT ADDED ENTRY--TOPICAL TERM |
| Topical term or geographic name entry element |
Administrative reform |
| 773 ## - HOST ITEM ENTRY |
| Main entry heading |
American Review of Public Administration |
| 909 ## - |
| -- |
47327 |